000
00487nam a2200181Ia 4500
008
090123s9999 xx 000 0 und d
082
_b
34260
_a
891.463/शहा
100
_a
शहा सुरेखा
245
_a
जोहड
250
_a
1
260
_b
सुमेरु प्रकाशन
300
_a
240
600
_a
शहा सुरेखा
630
_a
जोहड
700
_a
शहा सुरेखा
730
_a
जोहड
942
_c
BOOK
999
_c
72299
_d
72299